| 000 | 01417cam a22003977a 4500 | ||
|---|---|---|---|
| 003 | CHAP | ||
| 005 | 20220329141831.0 | ||
| 008 | 971127d1997 mx ab r 00110 spa d | ||
| 010 | _a74558 | ||
| 011 | _a75530 | ||
| 035 | _a85094 | ||
| 040 | _cCHAP | ||
| 090 | _aTesis | ||
| 100 | 0 | 0 |
_aRios Quiroz, Frank. _997491 |
| 245 | 1 | 0 |
_aHacia la producción orgánica de frijol (Phaseolus vulgaris L.) inoculado con Rhizobium en Chapingo, Estado de México _c/por Frank Rios Quiroz |
| 260 |
_aChapingo, Méx. : _bEl autor, _c1997. |
||
| 300 |
_a79 h. : _bilus. ; gráfs. |
||
| 502 | _aTesis (Ing. en Agroecologìa) -- UACH. Programa en Agroecología | ||
| 590 |
_aALEPH _b10 _c20130110 _lUCH01 _h1420 |
||
| 590 |
_aBATCH-UPD _b10 _c20130110 _lUCH01 _h0322 |
||
| 590 |
_aBATCH-UPD _b10 _c20130110 _lUCH01 _h1836 |
||
| 590 |
_aBATCH-UPD _b10 _c20130409 _lUCH01 _h2355 |
||
| 590 |
_aBATCH-UPD _b10 _c20130410 _lUCH01 _h1502 |
||
| 590 |
_aBATCH-UPD _b10 _c20130914 _lUCH01 _h1442 |
||
| 590 |
_aCONVERSION _b10 _c20130109 _lUCH01 _h1341 |
||
| 650 | 1 | 4 |
_aFrijol orgánico. _943475 |
| 650 | 1 | 4 |
_aFrijol _xInoculación. _943396 |
| 650 | 1 | 4 |
_aFrijol _xRendimiento. _943429 |
| 650 | 1 | 4 |
_aNitrógeno _xFijación. _981472 |
| 650 | 1 | 4 |
_aRhizobium. _997124 |
| 901 | _aBK | ||
| 905 | _aAlejandra Carrasco M. | ||
| 942 | _cFOLL | ||
| 949 |
_bBC _cTES _d33724000637542 _eTS2 _fc.2 _h31603 _i85094 _si |
||
| 949 |
_bBC _cTES _d850941 _eTS1 _h31602 _i85094 _sb |
||
| 999 |
_c74558 _d74558 |
||